Statystyki dla Pisarz, po książkach

Kliknij tutaj aby rozwiązać quiz!

Ogólne statystyki

  • Ten quiz został rozwiązany 66 razy
  • Średni wynik to 4 z 10

Statystyki odpowiedzi

PowieściAutor% Poprawnych
''Ogniem i Mieczem'',
''W Pustyni i w Puszczy'',
''Potop''
Henryk Sienkiewicz
97%
''Pan Tadeusz, Czyli Ostatni Zajazd na Litwie'',
''Ballady i Romanse'',
''Oda do Młodości''
Adam Mickiewicz
93%
''Córka Proboszcza'',
''Folwark Zwierzęcy'',
''Rok 1984''
George Orwell
81%
''Obcy'',
''Dżuma'',
''Upadek''
Albert Camus
59%
''Pies Baskerville’ów'',
''Stadium w Szkarłacie'',
''Znak Czterech''
Arthur Conan Doyle
24%
''Blady Ogień'',
''Lolita'',
''Dar''
Władimir Nabokow
15%
''Król Dżumiec'',
''Złoty Żuk'',
''Sokół Maltański''
Edgar Allan Poe
14%
''Mord Letniej Nocy'',
''Karty Na Stół'',
''Samotny Dom''
Agatha Christie
12%
''Krąg Pierwszych'',
''Oddział Chorych na Raka'',
''Archipelag GUŁag''
Aleksandr Sołżenicyn
12%
''Buszujący w Zbożu'',
''Idealny Dzień na Ryby'',
''Teddy''
Jerome David Salinger
10%

Rozkład punktacji

Percentyl według liczby udzielonych odpowiedzi

Procent ludzi z każdym wynikiem

Twoja historia wyników

Nie rozwiązałeś tego quizu